| 000 | 00380nam a22001697a 4500 | ||
|---|---|---|---|
| 005 | 20160613134251.0 | ||
| 008 | 160613b xxu||||| |||| 00| 0 eng d | ||
| 020 | _a0415939968 | ||
| 041 | _aeng | ||
| 082 | _b7203 | ||
| 100 |
_aEverall, anna and others _91784 |
||
| 245 | _aNew Media | ||
| 260 |
_bRout ledge _c2003 |
||
| 300 | _a268 | ||
| 650 |
_aManagement _9241 |
||
| 942 | _cBK | ||
| 999 |
_c2507 _d2506 |
||